LEADER 01717nas 2200397 n 450 001 990008935360403321 005 20240229084622.0 011 $a0008-0195 035 $a000893536 035 $aFED01000893536 035 $a(Aleph)000893536FED01 035 $a000893536 091 $2CNR$aP 00051699 100 $a20090724b19582002km-y0itaa50------ba 101 0 $amul 102 $aBE 110 $aauu-------- 200 1 $aCahiers économiques de Bruxelles 207 1$a1958-2002 210 $aBruxelles$cDULBEA 326 $aTrimestrale 440 0$12001$aBrussels economic review 530 0 $aCahiers économiques de Bruxelles 675 $a330 676 $a330.9493 712 02$aUniversité libre de Bruxelles.$bDépartement d'économie appliquée 801 0$aIT$bACNP$c20090723 859 4 $uhttp://acnp.cib.unibo.it/cgi-ser/start/it/cnr/dc-p1.tcl?catno=35174&person=false&language=ITALIANO&libr=&libr_th=unina1$zBiblioteche che possiedono il periodico 901 $aSE 912 $a990008935360403321 958 $aBiblioteca. Dipartimento Matematico Statistico dell'Università Federico II. Napoli$b1961;1963-1968;1970;$c1961;1966-1967;1970;$eDS$fMAS 959 $aMAS 996 $aCahiers économiques de Bruxelles$9796530 997 $aUNINA AP1 8 $6866-01$aNA036 Biblioteca. Dipartimento Matematico Statistico dell'Università Federico II. Napoli$bDS$cCDD 330.5$eV. Cintia-Complesso Universitario Monte, 80126 S. Angelo Napoli (NA)$m(081) 675175/76 - 081675011$m081675009$nit AP2 40$aacnp.cib.unibo.it$nACNP Italian Union Catalogue of Serials$uhttp://acnp.cib.unibo.it/cgi-ser/start/it/cnr/df-p.tcl?catno=35174&language=ITALIANO&libr=&person=&B=1&libr_th=unina&proposto=NO LEADER 01485oas 2200589 c 450 001 9910439053703321 005 20260218110041.0 011 $a2624-6511 024 7 $a10.3390/smartcities 035 $a(OCoLC)1113099223 035 $a(CONSER) 2021239220 035 $a(CKB)4100000005044609 035 $a(DE-599)ZDB3038911-2 035 $a(DE-599)3038911-2 035 $a(EXLCZ)994100000005044609 100 $a20181121a20189999 oy 101 0 $aeng 135 $aur||||||||||| 181 $ctxt$2rdacontent 182 $cc$2rdamedia 183 $acr$2rdacarrier 200 00$aSmart cities 210 1$aBasel, Switzerland$cMDPI$d2018- 215 $a1 online resource 300 $aRefereed/Peer-reviewed 531 1 $aSmart cities 606 $aSmart cities$vPeriodicals 606 $aVilles intelligentes$vPe?riodiques 606 $aCiudades inteligentes$2abne 606 $aSmart cities$2fast$3(OCoLC)fst02002352 608 $aRevistas$2abne 608 $aPeriodicals$2fast 615 0$aSmart cities 615 6$aVilles intelligentes 615 7$aCiudades inteligentes 615 7$aSmart cities 676 $a710 801 0$bADU 801 1$bADU 801 2$bOCLCO 801 2$bOCLCQ 801 2$bLIP 801 2$bLHT 801 2$bCUV 801 2$bOCLCO 801 2$bU3W 801 2$bOCLCL 801 2$bOCLCQ 906 $aJOURNAL 912 $a9910439053703321 996 $aSmart Cities$93584983 997 $aUNINA